000 00746nam a2200193Ia 4500
003 GCL
008 140319s9999 xx 000 0 ara d
040 _aGCL /
_cGCL
082 0 4 _a811.062
_bم ق
100 1 _aمحمد متولى الشعراوى
245 1 0 _aقصيدة الباكورة: الاسراء والمعراج مع مقدمة فى موجز حياة النبى صلى الله عليه وسلم واشهر معجزاته /
_cمحمد متولى الشعراوى
700 1 _aمحسن ابراهيم الدسوقى على
260 _a[S.N] :
_bمكتبة التراث الاسلامى ،
_c1990
300 _a47 ص
490 _a
650 0 4 _aالشعر الصوفى
650 0 4 _aالادب الدينى
942 _2ddc
_cBK
999 _c31349
_d31349